[Event "Tourn. n8465"]
[Site "www.chess-mail.com"]
[Date "2015.12.28"]
[Round "1"]
[White "Norlavuaram"]
[Black "Liencam2"]
[WhiteElo "2300"]
[BlackElo "2300"]
[Result "0-1"]
[Round "1"]
1.e4 c5
2.Ng1f3 e6
3.d4 cxd4
4.Nf3xd4 a6
5.Bf1d3 Ng8f6
6.O-O d6
7.c4 b6
8.Qd1e2 Bc8b7
9.Nb1c3 Bf8e7
10.Rf1d1 Nb8d7
11.Bc1e3 Nd7c5
12.f3 Nc5xd3
13.Qe2xd3 O-O
14.Ra1c1 Ra8c8
15.b3 Nf6d7
16.Nd4e2 Nd7e5
17.Qd3b1 Qd8c7
18.h3 Bb7c6
19.f4 Ne5d7
20.Nc3d5 exd5
21.exd5 Bc6a8
22.Be3d4 Qc7b7
23.Qb1f5 Be7f6
24.g4 g6
25.Qf5c2 b5
26.Bd4xf6 Nd7xf6
27.g5 Nf6h5
28.Ne2d4 Nh5xf4
29.Qc2h2 Nf4h5
30.Qh2xd6 bxc4
31.bxc4 Rf8d8
32.Qd6e5 Qb7c7
33.Qe5xc7 Rc8xc7
34.Kf2 Nh5g7
35.Kg3 Rc7d7
36.Nd4b3 Rd7d6
37.Nb3c5 Rd8e8
38.Rd1e1 Re8xe1
39.Rc1xe1 Kf8
40.Nc5e4 Ng7f5
41.Kg4 Rd6d8
42.Ne4f6 h6
43.h4 h5
44.Nf6xh5 Rd8e8
45.Re1xe8 Kxe8
46.Nh5f6 Kf8
47.h5 Nf5e3
48.Kf3 Ne3xc4
49.h6 Nc4b6
{ resign }
0-1

[Event "Match"]
[Site "www.echecsemail.com"]
[Date "2015.12.28"]
[Round "1"]
[White "Acucar1"]
[Black "Jhw"]
[WhiteElo "1760"]
[BlackElo "2020"]
[Result "1-0"]
[Round "1"]
1.e4 c5
2.Nb1c3 e6
3.Ng1f3 h6
4.Bf1c4 a6
5.O-O b5
6.Bc4e2 b4
7.Nc3a4 Nb8c6
8.a3 a5
9.d4 cxd4
10.Nf3xd4 Nc6xd4
11.Qd1xd4 Qd8c7
12.axb4 Qc7xc2
13.Na4c3 d5
14.Be2d1 { resign }
1-0

[Event "Match"]
[Site "www.echecsemail.com"]
[Date "2015.12.28"]
[Round "1"]
[White "Nugun"]
[Black "Duff"]
[WhiteElo "1610"]
[BlackElo "1740"]
[Result "1-0"]
[Round "1"]
1.c4 Ng8f6
2.g3 d5
3.cxd5 Nf6xd5
4.Bf1g2 Nb8c6
5.Nb1c3 Nd5xc3
6.bxc3 e5
7.e4 Bf8c5
8.Ng1f3 O-O
9.Bc1b2 Bc8g4
10.O-O Qd8d3
11.Nf3e1 Bg4xd1
12.Ne1xd3 Bd1e2
13.Nd3xc5 Be2xf1
14.Ra1xf1 b6
15.Nc5d3 Ra8d8
16.Nd3b4 Nc6xb4
17.cxb4 Rd8xd2
18.Bb2xe5 Rd2xa2
19.Be5xc7 Ra2b2
20.Rf1a1 Rf8c8
21.Ra1xa7 Rb2xb4
22.Bg2h3 Rc8e8
23.Bh3d7 Re8f8
24.Bc7d6 Rb4b1
25.Kg2 Rf8d8
26.Ra7b7 h6
27.e5 g6
28.e6 fxe6
29.Bd7xe6 { resign }
1-0

[Event "Match"]
[Site "www.echecsemail.com"]
[Date "2015.12.28"]
[Round "1"]
[White "Nugun"]
[Black "Cal"]
[WhiteElo "1580"]
[BlackElo "1299"]
[Result "1-0"]
[Round "1"]
1.c4 e5
2.Nb1c3 Nb8c6
3.g3 Ng8f6
4.Bf1g2 h6
5.Ng1f3 a6
6.e3 Bf8b4
7.O-O d6
8.d4 exd4
9.exd4 Bc8g4
10.Qd1d3 Bb4xc3
11.Qd3xc3 Nf6e4
12.Qc3e3 Qd8e7
13.d5 Nc6b4
14.Nf3d4 O-O
15.Bg2xe4 Ra8e8
16.Nd4c2 Nb4xc2
17.Be4xc2 Qe7f6
18.Qe3d3 g6
19.Bc1e3 Qf6xb2
20.Be3xh6 Qb2f6
21.Bh6xf8 Re8xf8
22.Qd3e4 Bg4f3
23.Qe4f4 Qf6xf4
24.gxf4 c6
25.a4 cxd5
26.Ra1a3 Bf3e2
27.Rf1e1 Be2xc4
28.Bc2d3 Kg7
29.a5 Bc4xd3
30.Ra3xd3 f5
31.Rd3xd5 Rf8f6
32.Re1e7 Kh6
33.Re7xb7 g5
34.Rb7b6 gxf4
35.Rd5xd6 Rf6xd6
36.Rb6xd6 Kg5
37.Rd6xa6 Kg4
38.Ra6f6 Kg5
39.Rf6f8 Kg6
40.a6 { resign }
1-0

[Event "Match"]
[Site "www.echecsemail.com"]
[Date "2015.12.28"]
[Round "1"]
[White "Goosebumps"]
[Black "Jhw"]
[WhiteElo "2150"]
[BlackElo "1950"]
[Result "1-0"]
[Round "1"]
1.c4 c6
2.d4 d5
3.Ng1f3 dxc4
4.e4 Bc8g4
5.Bc1e3 Bg4xf3
6.Qd1xf3 b5
7.Bf1e2 g6
8.O-O Bf8h6
9.a4 Bh6xe3
10.fxe3 f6
11.Nb1c3 b4
12.Nc3d1 c3
13.bxc3 bxc3
14.Nd1xc3 h5
15.a5 h4
16.d5 g5
17.Rf1d1 Qd8c8
18.Ra1c1 c5
19.Nc3a4 Ng8h6
20.Na4xc5 g4
21.Qf3f4 Nb8d7
22.Be2b5 Kf7
23.Bb5xd7 Qc8g8
24.Bd7e6 { resign }
1-0

[Event "Match"]
[Site "www.echecsemail.com"]
[Date "2015.12.28"]
[Round "1"]
[White "Llord"]
[Black "Pinehill"]
[WhiteElo "1880"]
[BlackElo "2110"]
[Result "0-1"]
[Round "1"]
1.e4 d5
2.exd5 Ng8f6
3.Nb1c3 g6
4.Qd1f3 Nb8d7
5.d3 Bf8g7
6.Bc1f4 Nd7b6
7.O-O-O Bc8g4
8.Qf3g3 Bg4xd1
9.Kxd1 Nb6xd5
10.Nc3xd5 Nf6xd5
11.Kc1 Nd5xf4
12.Qg3xf4 O-O
13.Ng1h3 e5
14.Qf4e4 c6
15.Nh3g5 Qd8xg5
16.Kb1 f5
17.Qe4c4 Kh8
18.g3 Qg5d2
19.Bf1g2 Qd2xf2
20.Bg2h3 b5
21.Qc4xc6 Rf8c8
22.Qc6xb5 Qf2xc2
23.Ka1 Qc2c1
{ resign }
0-1

[Event "Match"]
[Site "www.echecsemail.com"]
[Date "2015.12.28"]
[Round "1"]
[White "Hundegana"]
[Black "Genius7"]
[WhiteElo "2010"]
[BlackElo "1730"]
[Result "1/2-1/2"]
[Round "1"]
1.e4 e6
2.d4 d5
3.e5 c5
4.Bc1e3 cxd4
5.Be3xd4 Nb8c6
6.Bf1b5 Bc8d7
7.Bb5xc6 Bd7xc6
8.a3 Ng8e7
9.Ng1e2 Ne7f5
10.g4 Nf5xd4
11.Qd1xd4 h5
12.Nb1d2 hxg4
13.Qd4xg4 Qd8h4
14.Qg4xh4 Rh8xh4
15.O-O-O O-O-O
16.Rd1f1 Bf8c5
17.h3 Rd8h8
18.f4 Rh4xh3
19.Rh1xh3 Rh8xh3
20.Ne2c3 Bc5e3
21.Nc3d1 Be3xd2
22.Kxd2 g6
23.Kc1 Kd7
24.b3 Bc6b5
25.Rf1f2 Rh3h1
26.Kd2 Rh1f1
27.Rf2xf1 Bb5xf1
28.Nd1e3 Bf1h3
29.Kc3 Kc6
30.Kb4 b6
31.a4 a6
32.c3 Bh3f5
33.Ka3 a5
34.b4 Bf5d3
35.Ne3g4 axb4
36.Kxb4 Kd7
37.a5 bxa5
38.Kxa5 Ke7
39.Kb6 Bd3e4
40.Kc7 Be4f5
41.Ng4f2 f6
42.exf6 Kxf6
43.Kd6 g5
44.fxg5 Kxg5
45.Ke5 Kh4
46.Nf2d1 Kg3
47.Nd1e3 Bf5h3
48.Ne3xd5 exd5
{ draw }
1/2-1/2

[Event "Match"]
[Site "www.echecsemail.com"]
[Date "2015.12.28"]
[Round "1"]
[White "Pellix84"]
[Black "Tonino1"]
[WhiteElo "2010"]
[BlackElo "1990"]
[Result "0-1"]
[Round "1"]
1.d4 Ng8f6
2.c4 g6
3.Nb1c3 Bf8g7
4.e4 d6
5.Bf1e2 O-O
6.h3 e5
7.d5 a5
8.a4 Nb8a6
9.Ng1f3 Na6c5
 { time }
0-1

[Event "Fast Game"]
[Site "www.echecsemail.com"]
[Date "2015.12.28"]
[Round "1"]
[White "Fkarpov"]
[Black "Mitja"]
[WhiteElo "1900"]
[BlackElo "1730"]
[Result "1-0"]
[Round "1"]
1.e4 d5
2.exd5 Qd8xd5
3.Nb1c3 Qd5d8
4.Ng1f3 e6
5.Bf1e2 c6
6.O-O b5
7.d4 Bc8b7
8.Nc3e4 Nb8a6
9.a4 bxa4
10.Ra1xa4 Na6c7
11.c4 a6
12.Rf1e1 h6
13.Nf3e5 Bf8d6
14.Ne4xd6 Qd8xd6
15.c5 Qd6d8
16.Qd1b3 Ra8b8
17.Ra4b4 Qd8c8
18.Ne5xc6 { resign }
1-0

[Event "Tourn. n8513"]
[Site "www.chess-mail.com"]
[Date "2015.12.29"]
[Round "1"]
[White "Falcoale"]
[Black "Expert"]
[WhiteElo "1890"]
[BlackElo "1890"]
[Result "0-1"]
[Round "1"]
1.e4 c5
2.Ng1f3 Nb8c6
3.d4 cxd4
4.Nf3xd4 e5
5.Nd4xc6 bxc6
6.Bf1c4 Ng8f6
7.Nb1c3 Bf8b4
8.O-O { time. }
0-1

[Event "Tourn. n8497"]
[Site "www.chess-mail.com"]
[Date "2015.12.29"]
[Round "1"]
[White "Falcoale"]
[Black "Odin"]
[WhiteElo "1900"]
[BlackElo "1820"]
[Result "0-1"]
[Round "1"]
1.e4 e5
2.Ng1f3 Ng8f6
3.Nb1c3 d6
4.Bf1c4 c6
5.O-O h6
6.d4 Bc8g4
7.h3 Bg4xf3
8.Qd1xf3 exd4
9.Nc3e2 c5
10.Ne2f4 a6
11.Nf4d5 Nb8d7
12.Rf1e1 b5
13.Bc4f1 Nd7e5
14.Nd5xf6 gxf6
15.Qf3e2 Qd8c7
16.b3 Bf8g7
17.f4 Ne5g6
18.Bc1b2 Ng6xf4
19.Qe2g4 Nf4g6
20.a4 h5
21.Qg4d1 { time. }
0-1

[Event "Tourn. n8512"]
[Site "www.chess-mail.com"]
[Date "2015.12.29"]
[Round "1"]
[White "Norlavuaram"]
[Black "Wwgia"]
[WhiteElo "2180"]
[BlackElo "2220"]
[Result "0-1"]
[Round "1"]
1.e4 c5
2.Ng1f3 Nb8c6
3.Bf1b5 g6
4.O-O Bf8g7
5.c3 Ng8f6
6.Rf1e1 O-O
7.d4 cxd4
8.cxd4 d5
9.e5 Nf6e8
10.Nb1c3 Ne8c7
11.Bb5a4 Bc8g4
12.Bc1e3 f6
13.Ba4b3 Bg4xf3
14.Qd1xf3 fxe5
15.dxe5 Rf8xf3
{ resign }
0-1

[Event "Tourn. n8518"]
[Site "www.chess-mail.com"]
[Date "2015.12.29"]
[Round "1"]
[White "Jhw"]
[Black "Caspito"]
[WhiteElo "1850"]
[BlackElo "1800"]
[Result "0-1"]
[Round "1"]
1.d4 Ng8f6
2.c4 g6
3.Nb1c3 Bf8g7
4.e3 O-O
5.f3 c6
6.b3 b6
7.Bf1d3 Bc8b7
8.g4 d5
9.Bc1d2 Nb8d7
10.h4 a6
11.h5 dxc4
12.bxc4 Ra8b8
 { time }
0-1

[Event "Tourn. n8496"]
[Site "www.chess-mail.com"]
[Date "2015.12.29"]
[Round "1"]
[White "Expert"]
[Black "Falcoale"]
[WhiteElo "1840"]
[BlackElo "1900"]
[Result "1-0"]
[Round "1"]
1.d4 Ng8f6
2.c4 e6
3.Ng1f3 b6
4.a3 Bc8b7
5.Nb1c3 a6
6.Bc1g5 h6
7.Bg5xf6 Qd8xf6
8.e3 d5
9.cxd5 exd5
10.Bf1d3 Bf8d6
11.O-O O-O
12.Ra1c1 Nb8d7
{ time. }
1-0

[Event "Tourn. n8472"]
[Site "www.chess-mail.com"]
[Date "2015.12.29"]
[Round "1"]
[White "Fred"]
[Black "Cardiff"]
[WhiteElo "2010"]
[BlackElo "1890"]
[Result "1-0"]
[Round "1"]
1.e4 e6
2.f4 d5
3.e5 c5
4.Ng1f3 Nb8c6
5.c3 Ng8h6
6.Bf1b5 Qd8b6
7.Bb5a4 Bc8d7
8.d3 Qb6c7
9.Bc1e3 Nh6f5
10.Be3f2 a6
11.O-O Bf8e7
12.Nb1d2 b5
13.Ba4c2 Nf5h6
14.d4 Nh6g4
15.h3 Ng4xf2
16.Rf1xf2 cxd4
17.cxd4 Nc6b4
18.Nd2b3 Ra8c8
19.Nf3e1 Be7h4
20.Rf2d2 Bh4xe1
21.Qd1xe1 Nb4xc2
22.Qe1g3 Nc2xa1
23.Nb3c5 Rc8a8
24.Qg3xg7 Rh8f8
25.Qg7xh7 O-O-O
26.Rd2d1 Qc7b6
27.Rd1xa1 Bd7c6
28.Ra1c1 Kb8
29.b4 Bc6b7
30.a3 a5
31.Qh7d3 axb4
32.axb4 f6
33.Qd3g6 fxe5
34.fxe5 Rd8e8
35.Nc5d7 { resign }
1-0

[Event "Tourn. n8520"]
[Site "www.chess-mail.com"]
[Date "2015.12.29"]
[Round "1"]
[White "Roque1"]
[Black "Gatrooper"]
[WhiteElo "1670"]
[BlackElo "1580"]
[Result "1-0"]
[Round "1"]
1.e4 e5
2.Ng1f3 Nb8c6
3.Bf1c4 d6
4.Nb1c3 Bc8e6
5.Nc3d5 Be6xd5
6.Bc4xd5 h6
7.b3 a6
8.Bc1b2 Ng8f6
9.c4 Nc6b4
10.O-O c6
11.Bd5xf7 Kxf7
12.d4 Nf6xe4
13.Nf3xe5 dxe5
14.Qd1f3 Ne4f6
15.dxe5 Nb4c2
16.Ra1d1 Qd8c7
17.exf6 gxf6
18.Qf3xf6 Ke8
19.Qf6xh8 Nc2e3
20.Rf1e1 Kf7
21.Re1xe3 Ra8e8
22.Qh8h7 Bf8g7
23.Qh7xg7 
1-0

[Event "Tourn. n8519"]
[Site "www.chess-mail.com"]
[Date "2015.12.29"]
[Round "1"]
[White "Expert"]
[Black "Louis"]
[WhiteElo "1890"]
[BlackElo "1850"]
[Result "1-0"]
[Round "1"]
1.d4 Ng8f6
2.c4 g6
3.b3 Bf8g7
4.Bc1b2 O-O
5.Ng1f3 d6
6.e3 Nb8d7
7.Bf1e2 e5
8.O-O Rf8e8
9.Nb1c3 exd4
10.exd4 d5
11.Nc3xd5 { resign }
1-0

[Event "Tourn. n8454"]
[Site "www.chess-mail.com"]
[Date "2015.12.29"]
[Round "1"]
[White "Rons"]
[Black "Yangqi"]
[WhiteElo "2540"]
[BlackElo "2550"]
[Result "0-1"]
[Round "1"]
1.e4 e6
2.d4 d5
3.Nb1c3 Bf8b4
4.e5 c5
5.a3 cxd4
6.axb4 dxc3
7.Ng1f3 Ng8e7
8.Bf1d3 Nb8d7
9.O-O Ne7c6
10.Rf1e1 Nc6xb4
11.bxc3 Nb4xd3
12.cxd3 O-O
13.Ra1a4 f5
14.Bc1a3 Rf8e8
15.Nf3d4 b6
16.Nd4b5 Nd7c5
17.Ra4d4 Nc5b7
18.Ba3d6 Nb7xd6
19.Nb5xd6 Re8f8
20.c4 dxc4
21.Nd6xf5 Qd8c7
22.Nf5d6 cxd3
23.Qd1xd3 Bc8b7
24.Qd3e3 Bb7d5
25.Re1c1 Qc7e7
26.Rd4g4 Ra8d8
27.h4 Rd8d7
28.Qe3c3 Kh8
29.h5 h6
30.Rc1c2 a5
31.f3 Rf8a8
32.Rc2c1 a4
33.Qc3a3 b5
34.Rc1c5 Bd5c4
35.Rc5c6 Rd7c7
36.Rc6b6 Rc7a7
37.Rb6c6 Qe7d7
38.Rc6c5 Ra7c7
39.Rc5xc7 Qd7xc7
40.Kh2 Bc4b3
41.Kh3 Kg8
42.Qa3b2 Qc7d7
43.Qb2a3 Qd7c6
44.Qa3b2 Kh7
45.Rg4g3 Qc6c5
46.Rg3g6 b4
47.Rg6g4 Ra8b8
48.Nd6e4 Qc5c7
49.Ne4d6 Kg8
50.Qb2d2 a3
51.Qd2xh6 Rb8f8
52.Qh6e3 a2
53.h6 a1Q
54.Rg4xg7 Qc7xg7
55.hxg7 Qa1h1
56.Kg3 Kxg7
57.Qe3xb3 Qh1e1
58.Kg4 Qe1d2
59.g3 Qd2c3
60.Qb3d1 b3
{ resign }
0-1

[Event "Tourn. n8466"]
[Site "www.chess-mail.com"]
[Date "2015.12.29"]
[Round "1"]
[White "Falcoale"]
[Black "Cardiff"]
[WhiteElo "1890"]
[BlackElo "1840"]
[Result "0-1"]
[Round "1"]
1.e4 g6
2.d4 Bf8g7
3.Ng1f3 c6
4.Bc1e3 d5
5.e5 Bc8g4
6.h3 Bg4xf3
7.Qd1xf3 e6
8.Nb1c3 Ng8e7
9.Be3g5 O-O
10.O-O-O Nb8d7
11.h4 h6
12.Bg5e3 Ne7f5
13.g3 Nf5xe3
14.Qf3xe3 c5
15.Bf1b5 cxd4
16.Qe3xd4 Nd7xe5
17.Qd4f4 Qd8b6
18.g4 a6
19.Bb5d3 Ne5xd3
{ time. }
0-1

[Event "Tourn. n8489"]
[Site "www.chess-mail.com"]
[Date "2015.12.29"]
[Round "1"]
[White "Jaroslavpech"]
[Black "Louis"]
[WhiteElo "2020"]
[BlackElo "1870"]
[Result "1-0"]
[Round "1"]
1.d4 d5
2.c4 e6
3.Nb1c3 Ng8f6
4.Ng1f3 Bf8b4
5.Bc1g5 h6
6.Bg5xf6 Qd8xf6
7.e3 O-O
8.Ra1c1 dxc4
9.Bf1xc4 c5
10.O-O cxd4
11.Nf3xd4 { resign }
1-0

[Event "Match"]
[Site "www.echecsemail.com"]
[Date "2015.12.29"]
[Round "1"]
[White "Ditto"]
[Black "Chtoubidou"]
[WhiteElo "1830"]
[BlackElo "1890"]
[Result "0-1"]
[Round "1"]
1.e4 d5
2.e5 c5
3.d4 e6
4.Ng1f3 Nb8c6
5.c4 cxd4
6.cxd5 Qd8xd5
7.Bc1f4 Qd5e4
8.Bf1e2 Qe4xf4
9.Nb1d2 Bf8b4
10.O-O Bb4xd2
11.Nf3xd2 Qf4xe5
12.Nd2c4 Qe5c7
13.Qd1d3 Ng8f6
14.Ra1c1 O-O
15.Be2f3 Qc7e7
16.a3 Bc8d7
 { time }
0-1

[Event "Match"]
[Site "www.echecsemail.com"]
[Date "2015.12.29"]
[Round "1"]
[White "Dulap"]
[Black "Gilliere"]
[WhiteElo "1730"]
[BlackElo "1850"]
[Result "1-0"]
[Round "1"]
1.e4 e5
2.Ng1f3 d6
3.d4 exd4
4.Nf3xd4 Ng8f6
5.Nb1c3 h6
6.Bf1e2 Nb8d7
7.O-O Bf8e7
8.Bc1f4 O-O
9.Rf1e1 a6
10.Be2f3 Ra8b8
11.Nd4f5 Nd7e5
12.Nf5xe7 Qd8xe7
13.Bf3e2 Rf8d8
14.Qd1d2 Ne5g6
15.Bf4g3 Rd8e8
16.Nc3d5 Nf6xd5
17.exd5 Qe7f8
18.Be2h5 Re8xe1
19.Ra1xe1 Bc8f5
20.Qd2c3 Qf8d8
21.a4 Qd8d7
22.a5 Ng6e7
23.Bh5f3 Bf5g6
24.h3 Ne7f5
25.Bf3g4 h5
26.Bg4xf5 Bg6xf5
27.Qc3e3 Bf5xc2
28.Qe3e7 Qd7xe7
29.Re1xe7 Rb8c8
30.Re7e2 Bc2g6
31.Re2e3 Kf8
32.Re3c3 Bg6e4
33.Bg3xd6 Ke8
34.Rc3xc7 Rc8xc7
35.Bd6xc7 Be4xd5
36.h4 Kd7
37.Bc7e5 f6
38.Be5d4 Kc6
39.b4 Kb5
40.Bd4c5 g5
41.hxg5 fxg5
42.f3 Bd5e6
43.Kf2 Be6f5
44.Ke3 h4
45.Kd4 h3
46.gxh3 Bf5xh3
47.Ke5 g4
48.f4 g3
49.f5 Bh3xf5
50.Kxf5 g2
51.Ke6 g1Q
52.Bc5xg1 Kxb4
53.Bg1b6 Kb5
54.Kd7 Ka4
55.Kc7 Kb5
56.Kxb7 Kb4
57.Kxa6 { resign }
1-0

[Event "Match"]
[Site "www.echecsemail.com"]
[Date "2015.12.29"]
[Round "1"]
[White "Mitja"]
[Black "Forest"]
[WhiteElo "1930"]
[BlackElo "1570"]
[Result "0-1"]
[Round "1"]
1.d4 d5
2.e3 Ng8f6
3.h3 g6
4.Ng1f3 Bf8g7
5.c3 O-O
6.Bf1d3 b6
7.Nb1d2 Bc8b7
8.Nd2b3 Nb8d7
9.O-O c5
10.dxc5 Nd7xc5
11.Nb3xc5 bxc5
12.Bd3e2 Qd8c7
13.b3 Rf8d8
14.Bc1b2 Nf6e4
15.Qd1c2 Ra8c8
16.Ra1d1 e5
17.Nf3d2 Ne4xd2
18.Rd1xd2 e4
19.f4 Qc7b6
20.c4 d4
21.exd4 cxd4
{ resign }
0-1

[Event "Match"]
[Site "www.echecsemail.com"]
[Date "2015.12.29"]
[Round "1"]
[White "Conde7"]
[Black "Jacks"]
[WhiteElo "2870"]
[BlackElo "2820"]
[Result "1/2-1/2"]
[Round "1"]
1.e4 c6
2.d4 d5
3.e5 c5
4.c3 Nb8c6
5.Ng1f3 cxd4
6.cxd4 Bc8g4
7.Bf1e2 e6
8.Nb1d2 Ng8h6
9.h3 Bg4xf3
10.Nd2xf3 Nh6f5
11.O-O Qd8b6
12.Bc1e3 Bf8e7
13.Be2d3 Nf5xe3
14.fxe3 O-O
15.a3 f5
16.Qd1e2 Ra8c8
17.Ra1c1 Rc8c7
18.Rc1c2 Rf8c8
19.g4 f4
20.Kg2 fxe3
21.Qe2xe3 Nc6a5
22.Rc2xc7 Qb6xc7
23.Nf3g5 Na5c4
24.Qe3c1 Nc4xe5
25.Qc1xc7 Rc8xc7
26.Bd3xh7 Kh8
27.Ng5xe6 Rc7c6
28.Bh7f5 Ne5g6
29.Bf5xg6 Rc6xe6
30.Bg6f7 Re6e4
31.Rf1f5 g5
32.Bf7xd5 Re4xd4
33.Bd5xb7 Rd4d2
34.Rf5f2 Rd2xf2
35.Kxf2 a5
36.Ke3 Kg7
37.Kd3 Kf7
38.Kc4 Ke6
39.Kb5 Be7f6
40.Kxa5 Bf6xb2
41.a4 Kd6
42.Kb5 Bb2f6
43.a5 Kc7
44.Bb7e4 Bf6e5
45.Kc4 Be5g3
46.Be4d5 Kb8
47.Kb5 Ka7
48.Bd5e4 Bg3e1
49.Be4c2 Be1f2
50.Bc2b3 Bf2e1
51.Bb3c4 Be1f2
52.Bc4e2 Bf2e1
{ draw }
1/2-1/2

[Event "Match"]
[Site "www.echecsemail.com"]
[Date "2015.12.29"]
[Round "1"]
[White "Ztornad"]
[Black "Stevep84"]
[WhiteElo "1740"]
[BlackElo "2170"]
[Result "0-1"]
[Round "1"]
1.e4 d5
2.e5 Bc8f5
3.Bf1b5 c6
4.Bb5d3 Bf5xd3
5.cxd3 e6
6.a3 Bf8c5
7.Qd1f3 Ng8e7
8.b4 Bc5d4
9.Nb1c3 Bd4xe5
10.Ng1e2 O-O
11.O-O Nb8d7
12.d4 Be5f6
13.Ne2f4 Bf6xd4
14.Qf3d3 Ne7f5
15.b5 Nd7e5
16.Qd3e2 Ne5c4
17.g4 Nf5h6
18.Qe2f3 Nc4e5
19.Qf3h3 Nh6xg4
20.bxc6 bxc6
21.Kg2 Qd8g5
22.Qh3g3 Ne5g6
23.Nf4xg6 Qg5xg6
24.Ra1a2 Bd4e5
25.f4 Be5xc3
26.f5 exf5
27.dxc3 Rf8e8
28.Ra2b2 Ng4e3
29.Bc1xe3 Qg6xg3
30.hxg3 Re8xe3
31.Rb2b3 d4
32.Rf1xf5 d3
33.Rb3b7 f6
34.Rb7d7 Ra8e8
35.Rf5f3 Re3e2
36.Kh3 d2
37.Rf3d3 Re8e3
38.Rd3xd2 Re2xd2
39.Rd7xd2 Re3xc3
40.a4 Kf7
41.Rd2d7 Kg6
42.Rd7d4 c5
43.Rd4g4 Kf7
44.Kg2 Rc3d3
45.Rg4c4 Rd3d5
46.a5 Ke6
47.Rc4c1 Kd6
48.Rc1b1 Kc6
49.a6 c4
50.Rb1b8 Rd5d7
51.Rb8c8 Rd7c7
52.Rc8e8 c3
53.Re8e1 c2
54.Kh3 Kd6
55.Re1c1 Ke5
56.Kg2 Ke4
57.Kf2 Kd3
58.Ke1 Rc7e7
59.Kf2 Kd2
60.Rc1a1 c1Q
61.Ra1xc1 Kxc1
62.Kf3 Re7e6
63.Kg4 Re6xa6
64.Kf5 Ra6d6
65.g4 a5
66.g5 a4
67.gxf6 Rd6xf6
68.Ke5 a3
69.Ke4 a2
70.Ke3 a1Q
{ resign }
0-1

[Event "Fast Game"]
[Site "www.echecsemail.com"]
[Date "2015.12.29"]
[Round "1"]
[White "Mitja"]
[Black "Goosebumps"]
[WhiteElo "1730"]
[BlackElo "1880"]
[Result "0-1"]
[Round "1"]
1.d4 Ng8f6
2.e3 g6
3.Ng1f3 c5
4.dxc5 Qd8a5
5.c3 Qa5xc5
6.Nb1d2 Bf8g7
7.Nd2b3 Qc5c7
8.g3 d5
9.Bf1g2 O-O
10.O-O Bc8g4
11.Nb3d4 e5
12.Nd4e2 Nb8c6
13.Nf3d2 Qc7d7
14.Qd1e1 Bg4h3
15.b3 Rf8e8
16.Bc1b2 Ra8d8
17.Ra1b1 Bh3xg2
18.Kxg2 Qd7g4
19.f3 Qg4g5
20.Qe1f2 Nf6h5
21.Rf1d1 f5
22.e4 fxe4
23.fxe4 Re8f8
24.Qf2g1 dxe4
25.Nd2xe4 Qg5f5
26.Qg1e3 Bg7h6
{ resign }
0-1

[Event "Tourn. n8499"]
[Site "www.chess-mail.com"]
[Date "2015.12.30"]
[Round "1"]
[White "Jhw"]
[Black "Genius7"]
[WhiteElo "2020"]
[BlackElo "2020"]
[Result "0-1"]
[Round "1"]
1.c4 f5
2.d4 Ng8f6
3.b4 e6
4.Nb1c3 Bf8xb4
5.Bc1d2 O-O
6.f3 b6
7.a3 Bb4xc3
8.Bd2xc3 Bc8b7
9.Ng1h3 d6
10.Ra1a2 Qd8e7
11.e3 Nb8d7
 { time }
0-1

[Event "Tourn. n8533"]
[Site "www.chess-mail.com"]
[Date "2015.12.30"]
[Round "1"]
[White "Billyg"]
[Black "Duff"]
[WhiteElo "1690"]
[BlackElo "1740"]
[Result "0-1"]
[Round "1"]
1.e4 e5
2.Ng1f3 Nb8c6
3.Bf1b5 a6
4.Bb5xc6 dxc6
5.Nf3xe5 Qd8d4
6.O-O Qd4xe5
7.d3 Bf8d6
8.g3 Bc8h3
9.Rf1e1 O-O-O
10.c3 h5
11.Nb1d2 h4
12.Qd1f3 hxg3
13.fxg3 f5
14.Nd2c4 Qe5f6
15.e5 Qf6e6
16.Bc1d2 Bd6c5
17.Kh1 Bh3g4
18.Qf3g2 Rd8xd3
19.Re1e3 Qe6xc4
20.b3 Qc4d5
21.Qg2xd5 Rd3xd5
22.Ra1f1 Bc5xe3
23.Bd2xe3 Rd5d1
24.Kg2 Bg4h3
25.Kf2 Rd1xf1
{ resign }
0-1

[Event "Tourn. n8499"]
[Site "www.chess-mail.com"]
[Date "2015.12.30"]
[Round "1"]
[White "Genius7"]
[Black "Maredocla"]
[WhiteElo "2000"]
[BlackElo "2080"]
[Result "1/2-1/2"]
[Round "1"]
1.c4 e5
2.Nb1c3 Ng8f6
3.Ng1f3 Nb8c6
4.d4 exd4
5.Nf3xd4 Bf8b4
6.e3 O-O
7.Nd4xc6 Bb4xc3
8.bxc3 bxc6
9.Bf1e2 c5
10.Ra1b1 d6
11.Be2f3 Bc8f5
12.Rb1b3 Ra8b8
13.O-O Rb8xb3
14.axb3 Bf5e4
15.b4 cxb4
16.cxb4 c6
17.Bf3xe4 Nf6xe4
18.Qd1d4 Qd8e7
19.Bc1b2 { draw }
1/2-1/2

[Event "Tourn. n8496"]
[Site "www.chess-mail.com"]
[Date "2015.12.30"]
[Round "1"]
[White "Traub"]
[Black "Expert"]
[WhiteElo "1670"]
[BlackElo "1840"]
[Result "0-1"]
[Round "1"]
1.e4 e5
2.Ng1f3 Nb8c6
3.Bf1b5 a6
4.Bb5a4 Ng8f6
5.d3 d6
6.c3 Bf8e7
7.O-O b5
8.Ba4c2 O-O
9.h3 Bc8b7
10.Bc1e3 d5
11.Nb1d2 dxe4
12.Nd2xe4 { time. }
0-1

[Event "Tourn. n8540"]
[Site "www.chess-mail.com"]
[Date "2015.12.30"]
[Round "1"]
[White "Maredocla"]
[Black "Tonino1"]
[WhiteElo "2080"]
[BlackElo "1990"]
[Result "0-1"]
[Round "1"]
1.d4 Ng8f6
2.Ng1f3 g6
3.Nb1c3 Bf8g7
4.b3 O-O
5.Bc1b2 d5
6.e3 c6
7.Bf1e2 Qd8c7
8.Qd1d2 Nb8d7
9.O-O-O Rf8e8
10.h3 Nf6e4
11.Nc3xe4 dxe4
12.Nf3g5 Nd7f6
13.h4 h6
14.Ng5h3 Nf6g4
15.Be2xg4 Bc8xg4
16.Rd1f1 Ra8d8
17.Nh3f4 e5
18.f3 exf3
19.gxf3 exf4
20.fxg4 fxe3
21.Qd2g2 e2
22.Rf1e1 Qc7f4
23.Kb1 Rd8xd4
24.Re1xe2 Re8xe2
25.Qg2xe2 Rd4e4
26.Qe2d3 Bg7xb2
27.Kxb2 Qf4xg4
28.Qd3c3 Qg4e6
29.Kb1 Qe6e5
30.Qc3d2 Kh7
31.Rh1f1 f5
32.Rf1d1 Re4e2
33.Qd2d7 Qe5e7
34.Qd7c8 Re2e1
35.Rd1xe1 Qe7xe1
36.Kb2 Qe1e7
37.h5 Qe7f7
38.hxg6 Kxg6
39.Qc8b8 b6
40.Qb8d6 Qf7f6
{ resign }
0-1

[Event "Tourn. n8441"]
[Site "www.chess-mail.com"]
[Date "2015.12.30"]
[Round "1"]
[White "Kevinking"]
[Black "Easychess"]
[WhiteElo "1530"]
[BlackElo "1410"]
[Result "1-0"]
[Round "1"]
1.d4 d5
2.Ng1f3 Ng8f6
3.e3 Bc8f5
4.Bf1d3 Bf5xd3
5.Qd1xd3 c6
6.O-O g6
7.c4 Bf8g7
8.Nb1c3 O-O
9.Rf1e1 e6
10.e4 dxe4
11.Nc3xe4 Nf6xe4
12.Qd3xe4 Nb8d7
13.Bc1g5 Nd7f6
14.Qe4e3 Qd8c7
15.Nf3e5 Rf8d8
16.Ra1d1 Nf6d7
17.Bg5xd8 Ra8xd8
18.Kf1 Nd7xe5
19.dxe5 b6
20.f4 Bg7f8
21.Rd1xd8 Qc7xd8
22.Qe3e2 Bf8c5
23.Re1d1 Qd8h4
24.g3 Qh4h3
25.Qe2g2 Qh3g4
26.Qg2e2 Qg4h3
27.Qe2g2 Qh3g4
28.Rd1d8 Kg7
29.Ke1 Qg4f5
30.Rd8d1 Bc5b4
31.Kf1 g5
32.a3 Bb4c5
33.b4 Bc5e3
34.Qg2f3 gxf4
35.gxf4 Be3xf4
36.Rd1d7 Qf5xe5
37.h3 Bf4g3
38.Qf3xf7 { resign }
1-0

[Event "Tourn. n8524"]
[Site "www.chess-mail.com"]
[Date "2015.12.30"]
[Round "1"]
[White "Greghghs"]
[Black "Yangqi"]
[WhiteElo "2390"]
[BlackElo "2610"]
[Result "0-1"]
[Round "1"]
1.e4 c6
2.d4 d5
3.Nb1c3 dxe4
4.Nc3xe4 Ng8f6
5.Ne4xf6 gxf6
6.Ng1f3 Bc8g4
7.c3 Nb8d7
8.Bf1e2 Qd8c7
9.Bc1e3 O-O-O
10.Qd1a4 a6
11.O-O-O Nd7b6
12.Qa4b3 { time. }
0-1

[Event "Tourn. n8487"]
[Site "www.chess-mail.com"]
[Date "2015.12.30"]
[Round "1"]
[White "Expert"]
[Black "Jhw"]
[WhiteElo "1840"]
[BlackElo "1960"]
[Result "1-0"]
[Round "1"]
1.c4 a5
2.Nb1c3 e5
3.g3 c6
4.Bf1g2 Bf8b4
5.a3 Bb4xc3
6.dxc3 Nb8a6
7.e4 d6
8.Ng1e2 Ng8f6
9.O-O Bc8e6
10.b3 c5
11.Qd1c2 Qd8e7
12.Rf1d1 O-O
13.h3  { time }
1-0

[Event "Tourn. n8487"]
[Site "www.chess-mail.com"]
[Date "2015.12.30"]
[Round "1"]
[White "Jhw"]
[Black "Luban"]
[WhiteElo "1960"]
[BlackElo "2030"]
[Result "0-1"]
[Round "1"]
1.c4 e6
2.Ng1f3 d5
3.Nf3e5 Ng8f6
4.d4 c5
5.a3 dxc4
6.Qd1a4 Nb8d7
7.Ne5xd7 Qd8xd7
8.Qa4xc4 Qd7xd4
9.Qc4xd4 cxd4
10.Nb1d2 Bf8e7
11.g3 Bc8d7
12.Bf1g2 Ra8b8
13.Nd2b3 e5
14.Bc1g5 O-O
15.Ra1c1 Rf8c8
16.Rc1xc8 Bd7xc8
17.Bg5xf6 Be7xf6
18.Nb3c5 b6
19.Nc5e4 Bf6e7
 { time }
0-1

[Event "Tourn. n8506"]
[Site "www.chess-mail.com"]
[Date "2015.12.30"]
[Round "1"]
[White "Genius7"]
[Black "Bojan"]
[WhiteElo "2050"]
[BlackElo "2000"]
[Result "0-1"]
[Round "1"]
1.c4 g6
2.d4 d5
3.cxd5 Qd8xd5
4.Nb1c3 Qd5d8
5.e4 Nb8c6
6.d5 Nc6e5
7.Bf1b5 Bc8d7
8.Bb5xd7 Qd8xd7
9.Ng1f3 Bf8g7
10.Nf3xe5 Bg7xe5
11.Qd1b3 b6
12.O-O a6
13.f4 Be5d4
14.Kh1 Ng8f6
15.Rf1d1 Bd4c5
16.Qb3c2 Qd7g4
17.Qc2e2 Qg4xe2
18.Nc3xe2 Nf6xe4
19.Rd1e1 Ne4f2
20.Kg1 Nf2d3
{ resign }
0-1

[Event "Tourn. n8524"]
[Site "www.chess-mail.com"]
[Date "2015.12.30"]
[Round "1"]
[White "Greghghs"]
[Black "Tartan"]
[WhiteElo "2390"]
[BlackElo "2390"]
[Result "0-1"]
[Round "1"]
1.e4 e6
2.d4 d5
3.Nb1c3 Bf8b4
4.a3 Bb4xc3
5.bxc3 dxe4
6.Qd1g4 Ng8f6
7.Qg4xg7 Rh8g8
8.Qg7h6 Rg8g6
9.Qh6d2 { time. }
0-1